MARC

LEADER 00000nas a2200000 a 4500
001 ssj0011945
003 WaSeSS
005 20200512172242.0
006 m d
007 cr n
008 980209c18869999dcuqx pss 0 a0eng d
010 |a  2002215652 
016 7 |a 2065861 8  |2 DE-600 
022 |a 1543-0375  |l 0002-726X  |y 0002-726X 
035 |a (WaSeSS)ssj0011945 
037 |b Gallaudet University Press, 800 Florida Ave., NE, Washington, DC 20002-3695 
037 |a 22573/cts9qrmv  |b JSTOR 
040 |a FGA  |b eng  |c FGA  |d OCL  |d OCLCQ  |d NSD  |d MUQ  |d OCLCQ  |d OCL  |d OCLCQ  |d KSU  |d OCLCQ  |d IUL  |d OCLCQ  |d OCLCF  |d TXA  |d VT2  |d OCLCQ  |d TSC  |d TEF  |d DLC  |d AU@  |d OCLCA  |d U3W  |d OCLCO  |d OCLCA  |d WaSeSS 
042 |a nsdp  |a msc 
050 1 4 |a HV2510  |b .A5 
082 1 0 |a 371.91  |2 13 
130 0 |a American annals of the deaf (Online) 
210 0 |a Am. ann. deaf  |b (Wash. D.C., 1886, Online) 
222 0 |a American annals of the deaf  |b (Washington, D.C. 1886. Online) 
245 1 0 |a American annals of the deaf  |h [electronic resource]. 
246 1 |a Am. ann. deaf 
246 1 |a AAD 
246 1 |a A.A.D.  |f <Sept. 1984-> 
260 |a Washington, D.C. :  |b Executive Committee of the Convention of American Instructors of the Deaf,  |c 1886- 
310 |a Five issues yearly (includes reference issue),  |b Mar. 1985- 
321 |a Frequency varies,  |b Oct. 1886-Dec. 1984 
362 1 |a Began with: Vol. 31, no. 4 (Oct. 1886). 
500 |a Vols. for Sept. 1955- include lists of doctoral dissertations and masters' theses on the education of the deaf. 
506 |a License restrictions may limit access. 
550 |a Vols. for Oct. 1886-June 1895 issued by the Convention of American Instructors of the Deaf; Oct. 1895-Sept. 1930 by the Conference of Superintendents and Principals of American Schools for the Deaf; Nov. 1930-June 1980 by the Conference of Executives of American Schools for the Deaf; Aug. 1980-<Dec. 1986> by the Conference of Educational Administrators Serving the Deaf and the Convention of American Instructors of the Deaf. 
550 |a Official organ of the Convention of American Instructors of the Deaf, Sept. 1911-<Dec. 1986>, and the Conference of Executives of American Schools for the Deaf, Jan. 1932-June 1980 (called: Conference of Educational Administrators Serving the Deaf, Aug. 1980-<Dec. 1986>). 
555 |a Indexes: Vols. 31 (1886)-40 (1895) in 1 v.; v. 41 (1896)-50 (1905) in 1 v.; v. 51 (1906)-60 (1915) issued in v. 60, no. 5; v. 61 (1916)-70 (1925) issued as v. 88, no. 5; v. 71 (1926)-80 (1935) issued as v. 89, no. 5; v. 81 (1936)-90 (1945) issued as v. 80, no. 5; v. 91 (1946)-100 (1955) issued as v. 101, no. 5. 
588 |a Description based on: Vol. 31, no. 4 (Oct. 1886); title from PDF caption (HathiTrust, viewed Jan. 13, 2015). 
588 |a Latest issue consulted: Vol. 159, no. 4 (2014) (Project MUSE, viewed Jan. 13, 2015). 
650 0 |a Deaf  |v Periodicals. 
650 6 |a Sourds  |x Éducation  |v Périodiques. 
650 6 |a Surdité  |v Périodiques. 
650 7 |a Deaf.  |2 fast  |0 (OCoLC)fst00888436 
650 2 |a Persons With Hearing Impairments. 
650 2 |a Deafness. 
655 0 |a Electronic journals. 
710 2 |a Convention of American Instructors of the Deaf. 
710 2 |a Conference of Educational Administrators of Schools and Programs for the Deaf. 
710 2 |a Conference of Executives of American Schools for the Deaf. 
710 2 |a Conference of Educational Administrators Serving the Deaf. 
776 0 8 |i Print version:  |t American annals of the deaf  |x 0002-726X  |w (DLC) 15014404  |w (OCoLC)5695496 
780 0 0 |t American annals of the deaf and dumb  |x 2577-154X  |w (DLC) 2018201241  |w (OCoLC)715552644 
856 4 0 |z Full text available from Research Library: 03/01/1997 to present  |u https://search.proquest.com/publication/25220